Hindu-Muslim Community in Bangladesh (Record no. 8171)

MARC details
000 -LEADER
fixed length control field 00629nam a2200253 a 4500
020 ## - INTERNATIONAL STANDARD BOOK NUMBER
ISBN 8185475
082 00 - DEWEY DECIMAL CLASSIFICATION NUMBER
Classification number 306.0899145
Author Cutter ALI
100 ## - MAIN ENTRY--AUTHOR NAME
Author name Ali, A F Imam
245 ## - TITLE STATEMENT
Title Hindu-Muslim Community in Bangladesh
260 ## - PUBLICATION, DISTRIBUTION, ETC. (IMPRINT)
Place of publication Delhi
Name of publisher Kanishka Pub.
Year of publication 1992
300 ## - PHYSICAL DESCRIPTION
Number of Pages 291p
500 ## - GENERAL NOTE
General note includes index and biblioraphy
505 2# - FORMATTED CONTENTS NOTE
Formatted contents note Indexes
650 ## - SUBJECT ADDED ENTRY--TOPICAL TERM
Topical Term Muslims-Bangladesh
650 ## - SUBJECT ADDED ENTRY--TOPICAL TERM
Topical Term Caste-Bangladesh
942 ## - ADDED ENTRY ELEMENTS (KOHA)
Koha item type Books
700 1# -
-- Ali, A F Imam
Holdings
Collection code Home library Current library Date acquired Cost, normal purchase price Full call number Accession Number Koha item type
  Henry Martyn Institute Library Henry Martyn Institute Library 03/30/2007 275.00 306.0899145 ALI 014381 Books
                   Copyright © 2026 | Henry Martyn Institute | Hyderabad | TS-500052 | INDIA | Implemented by hmi.edu.in
Hit-Count:

Powered by Koha